| 000 | 00587nam a2200241 a 4500 | ||
|---|---|---|---|
| 001 | nice12345678 | ||
| 003 | IN_TiNIC | ||
| 005 | 20260116011517.0 | ||
| 008 | 050524s1925 dela grp 000 0 urd | ||
| 020 |
_a _c100 |
||
| 082 | 0 | 0 |
_a891.4391 _bAKB |
| 100 | _aAkbar, Allahabadi | ||
| 245 | _aNazm-E-Ilham | ||
| 260 |
_aDelhi _bPayam-E-mashriq Book Depot _c1925 |
||
| 300 | _a16p | ||
| 500 | _aincludes index and biblioraphy | ||
| 505 | 2 | _aHand Written Manuscript | |
| 650 | _aUrdu-Poetry | ||
| 700 | 1 | _aAkbar, Allahabadi | |
| 902 | _bSRS | ||
| 942 | _cBK | ||
| 999 |
_c2181 _d2181 |
||